000 nam a22 7a 4500
999 _c10355
_d10355
008 180215b ||||| |||| 00| 0 eng d
100 _aCosmos
_96314
245 _aCreative English Class - III
260 _aNew Delhi
_bG, B, N, Publication
_c2012